000
00321nam a2200145Ia 4500
005
20260328101445.0
008
260328s9999||||xx |||||||||||||| ||und||
100
_a
Berger, John
245
0
_a
Ways of seeing /
_c
John Berger
250
_a
5a ed.
260
_b
Penguin
300
_a
165 p.
650
_a
ARTE
942
_c
BK
999
_c
8431
_d
8431